Numerical functional analysis and optimization : An international journal of rapid publication /
Guardado en:
| Autor Corporativo: | |
|---|---|
| Formato: | Revista |
| Idioma: | English |
| Publicado: |
New York :
Marcel Dekker Journals,
1979-1987/88.
|
| Materias: | |
| Etiquetas: |
Agregar Etiqueta
Sin Etiquetas, Sea el primero en etiquetar este registro!
|
| LEADER | 00776nas a2200193 4500 | ||
|---|---|---|---|
| 001 | CARPC.004250 | ||
| 005 | 20080606161601.0 | ||
| 008 | 050929d19791987xxu#|#p#######0###a0eng|| | ||
| 022 | |a 0163-0563 | ||
| 210 | 0 | |a Numer. funct. anal. optim. | |
| 245 | 0 | 0 | |a Numerical functional analysis and optimization : |b An international journal of rapid publication / |c Marcel Dekker Journals. |
| 260 | |a New York : |b Marcel Dekker Journals, |c 1979-1987/88. | ||
| 310 | |a Irregular. | ||
| 362 | 0 | |a Vol. 1, no. 1 (1979) - Vol. 9, no. 11/12 (1987/88). | |
| 510 | 0 | |a MR | |
| 510 | 0 | |a ZM | |
| 710 | 2 | |a Marcel Dekker Journals | |
| 653 | |a Matematica | ||
| 866 | |9 EMA |a 1979-1981 1-4; 1984/85 7; 1987/88 9(1/2-9/10). 1979 1 (6) IN; 1980 2 (7/8) IN; 1981 3 (4) IN; 1981 4 (4) IN; 1984/85 7 (4) IN; 1987/88 9 (11/12) IN | ||
